[Event "VI. Karnevals-Open"]
[Site "Solingen"]
[Date "2015.02.15"]
[Round "5.26"]
[White "Kissing, Bastian"]
[Black "Cornelißen, Jonas"]
[Result "1-0"]
[WhiteElo "1851"]
[BlackElo "1295"]
[PlyCount "45"]
[EventDate "2015.??.??"]
[WhiteTeam "SC Tornado Wuppertal"]
[BlackTeam "SK Xanten"]

1. e4 c5 2. Nf3 g6 3. c3 Bg7 4. d4 cxd4 5. cxd4 d6 6. Bc4 Nf6 7. Nc3 Nc6 8. Be3
O-O 9. Qd2 Ng4 10. Bg5 Qb6 11. h3 Nf6 12. O-O Qa5 13. Rfe1 a6 14. Rac1 b5 15.
Bxf6 Bxf6 16. Bd5 Qb6 17. Nxb5 axb5 18. Rxc6 Qa5 19. b4 Qd8 20. e5 Bb7 21. exf6
e6 22. Rxd6 Qxd6 23. Qh6 1-0

[Event "VI. Karnevals-Open"]
[Site "Solingen"]
[Date "2015.02.15"]
[Round "5.27"]
[White "Krabbe, Thomas"]
[Black "Meckel, Helmut"]
[Result "0-1"]
[WhiteElo "1148"]
[BlackElo "1793"]
[PlyCount "114"]
[EventDate "2015.??.??"]
[WhiteTeam "Düsseldorfer SK"]
[BlackTeam "SG Solingen"]

1. c4 e5 2. g3 f5 3. e3 Nf6 4. Bg2 c6 5. d3 d5 6. cxd5 cxd5 7. Nf3 Nc6 8. Nc3
Be7 9. a3 Be6 10. b4 a6 11. b5 axb5 12. Bd2 b4 13. axb4 Rxa1 14. Qxa1 Bxb4 15.
Qa4 O-O 16. Nxe5 Qa8 17. Nxc6 Qxa4 18. Ne7+ Kf7 19. Nxa4 Bxd2+ 20. Kxd2 Kxe7
21. Rc1 Kd6 22. h3 Bd7 23. Nb6 Bc6 24. Ra1 Kc7 25. Na8+ Kd6 26. Nb6 Re8 27. Bf3
Rd8 28. Bd1 Bb5 29. Rc1 Bc6 30. Na4 h5 31. h4 Ke5 32. Nc5 d4 33. f4+ Kd6 34. e4
fxe4 35. dxe4 Bxe4 36. Bc2 Bd5 37. Bg6 Rc8 38. Nd3 Rxc1 39. Kxc1 Be4 40. Ne5
Bxg6 41. Nxg6 Ne4 42. Kc2 Nxg3 43. Ne5 Nf5 44. Ng6 Ne7 45. Ne5 Nf5 46. Ng6 Kd5
47. Kd3 b5 48. Ne5 Nxh4 49. Kc2 Ke4 50. Nd3 Ng2 51. Nc5+ Kxf4 52. Ne6+ Ke3 53.
Nxg7 Ke2 54. Nf5 d3+ 55. Kc3 b4+ 56. Kxb4 d2 57. Nd4+ Kd3 0-1

[Event "VI. Karnevals-Open"]
[Site "Solingen"]
[Date "2015.02.15"]
[Round "5.28"]
[White "Ipekyilmaz, Tayfun"]
[Black "Breuer, Leon"]
[Result "1/2-1/2"]
[WhiteElo "1597"]
[BlackElo "1587"]
[PlyCount "109"]
[EventDate "2015.??.??"]
[WhiteTeam "Langenfelder SF"]
[BlackTeam "SK Xanten"]

1. e4 e6 2. d4 d5 3. Nc3 Nf6 4. Bg5 Be7 5. e5 Nfd7 6. h4 a6 7. Qg4 f6 8. Bh6
gxh6 9. Qh5+ Kf8 10. Be2 Kg7 11. Rh3 Rg8 12. Bd3 f5 13. Nxd5 exd5 14. Qxf5 Nf8
15. Rg3+ Kh8 16. Qf7 Rxg3 17. fxg3 Be6 18. Qh5 Nc6 19. c3 Qe8 20. Qxh6 Qf7 21.
O-O-O Qg7 22. Qe3 Ng6 23. Nf3 Bg4 24. Rf1 Rf8 25. Bc2 Na5 26. b3 Ba3+ 27. Kb1
Ne7 28. Qe1 Nf5 29. Nh2 Nc6 30. Rf4 Nh6 31. Qf2 Rxf4 32. gxf4 Bf5 33. Bxf5 Nxf5
34. g4 Nh6 35. Qf3 Ne7 36. f5 Nhxf5 37. gxf5 Qg1+ 38. Nf1 h6 39. h5 Qg5 40. Ne3
Qg1+ 41. Kc2 Qh2+ 42. Kd3 Bc1 43. Nxd5 Nxd5 44. Qxd5 Qd2+ 45. Kc4 Qe2+ 46. Kb4
a5+ 47. Qxa5 Qxh5 48. Qxc7 Qxf5 49. Qxb7 h5 50. Qb8+ Kg7 51. Qb7+ Kf8 52. Qc6
h4 53. Qd6+ Kf7 54. Qd5+ Qe6 55. Qf3+ 1/2-1/2

[Event "VI. Karnevals-Open"]
[Site "Solingen"]
[Date "2015.02.15"]
[Round "5.29"]
[White "Reinacher, Detlev"]
[Black "Rudolph, Eva"]
[Result "1-0"]
[WhiteElo "1772"]
[BlackElo "1439"]
[PlyCount "83"]
[EventDate "2015.??.??"]
[WhiteTeam "SC Hansa Dortmund"]
[BlackTeam "Düsseldorfer SK"]

1. e4 e5 2. d3 Nf6 3. g3 Be7 4. Bg2 O-O 5. Nf3 d6 6. Nbd2 c6 7. c3 Be6 8. Qc2
Nbd7 9. b3 d5 10. Bb2 Qc7 11. O-O Rad8 12. exd5 cxd5 13. Rac1 Bf5 14. Nh4 Be6
15. Rfe1 Bd6 16. Ndf3 Nb6 17. c4 dxc4 18. Bxe5 Bxe5 19. Nxe5 Nfd5 20. a3 c3 21.
Nc4 Rc8 22. Nf3 Rfd8 23. Ng5 Bd7 24. d4 f5 25. Nxb6 Nxb6 26. Re7 Qd6 27. Rce1
Qxd4 28. Bxb7 Rc7 29. Ne6 Qd2 30. Nxd8 g6 31. R7e2 Qd6 32. Rd1 Qxa3 33. Bd5+
Kg7 34. Re5 Kf6 35. Re3 Qb4 36. Bc4 Nxc4 37. bxc4 Qxc4 38. Rc1 Rc8 39. Rxc3 Qa6
40. Rxc8 Bxc8 41. Qxc8 Qxc8 42. Rxc8 1-0

[Event "VI. Karnevals-Open"]
[Site "Solingen"]
[Date "2015.02.15"]
[Round "5.30"]
[White "Sewald, Kathrin"]
[Black "Pitz, Marko"]
[Result "1-0"]
[WhiteElo "1542"]
[BlackElo "1688"]
[PlyCount "125"]
[EventDate "2015.??.??"]
[WhiteTeam "SG Porz"]
[BlackTeam "Greifswalder SV"]

1. e4 d5 2. exd5 Qxd5 3. Nc3 Qd8 4. d4 e6 5. Bc4 Nf6 6. Nge2 c6 7. O-O Be7 8.
Be3 Qc7 9. Bf4 Bd6 10. Bxd6 Qxd6 11. Ng3 O-O 12. Nce2 h5 13. Bd3 Qc7 14. Ne4
Ng4 15. g3 f5 16. Ng5 b5 17. Nf4 Rf6 18. h4 Qd6 19. Be2 g6 20. Qd3 Nd7 21. Qb3
Nf8 22. Rfe1 Bd7 23. Rad1 a5 24. Bxg4 fxg4 25. Ne4 Qe7 26. Nxf6+ Qxf6 27. Qe3
Re8 28. Nd3 Bc8 29. Ne5 Bb7 30. Qa3 Qe7 31. Qc5 Qc7 32. Re4 Nd7 33. Nxd7 Qxd7
34. Qg5 Qg7 35. Re5 Re7 36. Qe3 Qf6 37. Re1 Bc8 38. Re4 Qf7 39. Rf4 Qg7 40. Qc3
Bb7 41. Qxa5 Rd7 42. Qb4 Qe7 43. Qxe7 Rxe7 44. Rf6 Rd7 45. Rxg6+ Kh7 46. Rgxe6
Bc8 47. Rxc6 Bb7 48. Rc5 Bf3 49. Rxh5+ Kg6 50. Rxb5 Rxd4 51. Rb6+ Kg7 52. c3
Rd7 53. Rbe6 Rd2 54. Rb6 Rd7 55. a4 Rd2 56. a5 Rd5 57. a6 Ra5 58. b4 Ra2 59. c4
Ra3 60. c5 Rc3 61. Ra1 Rc2 62. a7 Rc3 63. a8=Q 1-0

[Event "VI. Karnevals-Open"]
[Site "Solingen"]
[Date "2015.02.15"]
[Round "5.31"]
[White "Schütz, Samson"]
[Black "Tanz, Manfred"]
[Result "1-0"]
[WhiteElo "1687"]
[BlackElo "1608"]
[PlyCount "45"]
[EventDate "2015.??.??"]
[WhiteTeam "Fideler Bauer Leverkusen"]
[BlackTeam "SV Hilden"]

1. d4 d5 2. c4 c6 3. Nf3 Nf6 4. Nc3 g6 5. Bg5 Bg7 6. e3 O-O 7. Bd3 h6 8. Bh4 g5
9. Bg3 Nh5 10. Ne5 Nxg3 11. hxg3 Nd7 12. Ng4 f5 13. Nxh6+ Bxh6 14. Rxh6 g4 15.
Bxf5 Nf6 16. Qc2 Ne4 17. Bxe4 dxe4 18. O-O-O Bf5 19. Rdh1 Qd7 20. Ne2 Rae8 21.
Nf4 Rf7 22. Ng6 Rg7 23. Rh8+ 1-0

[Event "VI. Karnevals-Open"]
[Site "Solingen"]
[Date "2015.02.15"]
[Round "5.35"]
[White "Coenen, Siegfried"]
[Black "Seger, Rüdiger"]
[Result "1/2-1/2"]
[WhiteElo "1992"]
[BlackElo "2377"]
[PlyCount "124"]
[EventDate "2015.??.??"]
[WhiteTeam "SG Hochneukirch"]
[BlackTeam "SG Trier"]

1. e4 c6 2. d4 d5 3. Nc3 dxe4 4. Nxe4 Bf5 5. Ng3 Bg6 6. h4 h6 7. Nf3 Nd7 8. h5
Bh7 9. c3 e6 10. Bf4 Ngf6 11. Bc4 Nd5 12. Bd2 Bd6 13. O-O Qc7 14. Ne2 N5f6 15.
Ng3 Bxg3 16. fxg3 Nxh5 17. Ng5 Nhf6 18. Nxh7 Rxh7 19. Bf4 Qb6 20. Qe2 O-O-O 21.
a4 Re8 22. a5 Qd8 23. Qf3 Nd5 24. Bd2 g5 25. Bd3 f5 26. c4 Ne7 27. Bb4 g4 28.
Qe3 Ng6 29. Rae1 Rhh8 30. d5 Nge5 31. dxc6 Nxc6 32. Bc3 Rhf8 33. b4 Qg5 34. Qe2
f4 35. gxf4 Rxf4 36. Rxf4 Qxf4 37. Rf1 Qd6 38. Rd1 Qf4 39. Rf1 Qg5 40. g3 Nce5
41. Be4 h5 42. Bd2 Qg8 43. Bf4 Nf3+ 44. Rxf3 gxf3 45. Bxb7+ Kd8 46. Qxf3 e5 47.
Bd5 Qg7 48. Be3 Rf8 49. Qg2 Nf6 50. Be6 e4 51. Bc5 Re8 52. Qd2+ Nd7 53. Qxd7+
Qxd7 54. Bxd7 Kxd7 55. Bxa7 e3 56. Kf1 Re4 57. b5 Rxc4 58. a6 h4 59. gxh4 Rxh4
60. b6 Rb4 61. b7 Kc7 62. Bxe3 Rxb7 1/2-1/2